Tax deductions for professionals
Tax Deductions for Professionals will also help you choose the best legal structure, with detailed information on limited liability companies, partnerships and professional corporations.
Đã lưu trong:
| 主要作者: | |
|---|---|
| 格式: | 圖書 |
| 語言: | Undetermined |
| 出版: |
Berkeley, Calif
Nolo
2007
|
| 主題: | |
| 標簽: |
添加標簽
沒有標簽, 成為第一個標記此記錄!
|
| Thư viện lưu trữ: | Trung tâm Học liệu Trường Đại học Cần Thơ |
|---|
| LEADER | 00814nam a2200217Ia 4500 | ||
|---|---|---|---|
| 001 | CTU_225200 | ||
| 008 | 210402s9999 xx 000 0 und d | ||
| 082 | |a 343.73 | ||
| 082 | |b F537 | ||
| 100 | |a Fishman, Stephen | ||
| 245 | 0 | |a Tax deductions for professionals | |
| 245 | 0 | |c Stephen Fishman | |
| 260 | |a Berkeley, Calif | ||
| 260 | |b Nolo | ||
| 260 | |c 2007 | ||
| 520 | |a Tax Deductions for Professionals will also help you choose the best legal structure, with detailed information on limited liability companies, partnerships and professional corporations. | ||
| 650 | |a Professions,Nghề nghiệp | ||
| 650 | |x Law and legislation,Taxation,Luật và pháp luật,Thuế | ||
| 650 | |z United States,Hoa Kỳ | ||
| 904 | |i Trúc | ||
| 980 | |a Trung tâm Học liệu Trường Đại học Cần Thơ | ||